Educación artística 3 : (Registro nro. 9971)

Detalles MARC
000 -LIDER
fixed length control field 01564nam a22002777a 4500
001 - NÚMERO DE CONTROL
Identificador de número de control 0000123895
003 - IDENTIFICACDOR DE NÚMERO DE CONTROL
control field DO-SdBNP
005 - DATE AND TIME OF LATEST TRANSACTION
control field 20180307133936.0
007 - CAMPOS FIJOS DE DESCRIPCIÓN FÍSICA
fixed length control field 0000123895
008 - ELEMENTOS DE LONGITUD FIJA
fixed length control field 160429b 2014 dr xxu||||| |||| 00| 0 spa d
020 ## - ISBN
International Standard Book Number 9945495585
040 ## - FUENTE DE CATALOGACIÓN
Agencia que crea de manera original el registro BPMSU
Idioma de catalogación spa
Agencia que realiza la transcripción BPMSU
092 ## - LOCALLY ASSIGNED DEWEY DECIMAL CALL NUMBER
Número de clasificación xxxxx
Número de ítem (Cutter) xxxxx
245 00 - MENCIÓN DE TITULO
Título Educación artística 3 :
Subtítulo educación media /
Mención de responsabilidad producción editorial ; María del Jesús de la Rosa ; presentación Carlos Amarante Baret.
260 ## - PUBLICACIÓN, DISTRIBUCIÓN, ETC. (PIE DE IMPRENTA)
Lugar de publicación, distribución, etc Santo Domingo :
Nombre del editor, distribuidor, etc. Ministerio de Educación:
-- Actualidad Escolar 2000,
Fecha de publicación, distribución, etc 2014.
300 ## - DESCRIPCIÓN FÍSICA
Extensión 192 p. :
Otros detalles físicos il., retrs. ;
Dimensiones 27 cm.
500 ## - NOTA GENERAL
Nota general Primer grado segundo ciclo
500 ## - NOTA GENERAL
Nota general Este libro ha sido realizado de acuerdo al currículum vigente y ha sido sometido a la evaluación y aprobación del MINERD (Ministerio de Educación República Dominicana)
504 ## - NOTA DE BIBLIOGRAFÍA, ETC.
Bibliography, etc Bibliografía : p. 192
505 ## - NOTA DE CONTENIDO
Información miscelánea Unidad 1 --
Título El arte romano --
-- Paleocristiano bizantino --
-- Arte bizantino --
Información miscelánea Unidad 2 --
Título Arte románico --
-- Arte gótico --
Información miscelánea Unidad 3 --
Título El renacimiento --
-- Cultura prehispanicas --
Información miscelánea Unidad 4 --
Título El arte barroco --
Información miscelánea Unidad 5 --
Título El patrimonio nacional --
-- Origen de los museos y las colecciones --
-- Patrimonio cultural --
-- Patrimonio natural --
-- Bienes culturales --
Información miscelánea Unidad 6 --
Título Teatro y cine --
Información miscelánea Unidad 7 --
Título El diseño tridimencional --
700 12 - ASIENTO SECUNDARIO -- NOMBRE PERSONAL
Nombre personal Rosa, María del Jesús de la,
Mención de responsabilidad ed.
700 12 - ASIENTO SECUNDARIO -- NOMBRE PERSONAL
Nombre personal Amarante Baret, Carlos,
Mención de responsabilidad prest.
942 ## - ADDED ENTRY ELEMENTS (KOHA)
Source of classification or shelving scheme Dewey Decimal Classification
Koha item type Libros
945 ## - INFORMACIÓN DE PROCESAMIENTO LOCAL
Información de procesamiento local Remanejado para la BNPHU / 2018 VM
956 ## - LOCAL ELECTRONIC LOCATION AND ACCESS (OCLC)
Método de acceso LOPEREZ
Materiales especificados 10
Enlace 20160519
Campo enlazado y núm. de secuencia BPMSU
Nombre de host 00041
Existencias
Withdrawn status Lost status Source of classification or shelving scheme Damaged status Not for loan Collection code Home library Current library Date acquired Source of acquisition Total Checkouts Barcode Date last seen Price effective from Koha item type
    Dewey Decimal Classification     Colección Escolar Biblioteca Pública Metropolitana Salomé Ureña Biblioteca Pública Metropolitana Salomé Ureña 04/29/2016 Donación   BPMSU16040814 04/29/2016 04/29/2016 Libros